|
|
|
|
| LEADER |
00000cam a2200000 7i4500 |
| 001 |
0000058717 |
| 005 |
20160113.0 |
| 008 |
160113 |
| 020 |
|
|
|a 1860195709
|
| 090 |
0 |
0 |
|a 004.03
|b DIC
|
| 245 |
0 |
0 |
|a Dictionary of computing and multimedia
|
| 260 |
|
|
|a London :
|b Brockhampton press ,
|c 1995
|
| 999 |
|
|
|a 0000747888
|b Book
|c Adult Collection
|e Cawangan Pontian
|
| 999 |
|
|
|a 0000777014
|b Book
|c Adult Collection
|e Cawangan Pontian
|
| 999 |
|
|
|a 0000819985
|b Book
|c REFERENCE
|e Cawangan Segamat
|
| 999 |
|
|
|a 0000819986
|b Book
|c REFERENCE
|e Cawangan Segamat
|
| 999 |
|
|
|a 0000819987
|b Book
|c REFERENCE
|e Cawangan Segamat
|
| 999 |
|
|
|a 0000879462
|b Book
|c REFERENCE
|e Cawangan Tmn. Ungku Tun Aminah
|
| 999 |
|
|
|a 000747887
|b Book
|c Adult Collection
|e Cawangan Muar
|